Russische Postcensuur 1914-1918 : Stempelstudie (Record no. 3048)
[ view plain ]
| 000 -LEADER | |
|---|---|
| fixed length control field | 00619nam a22000977a 4500 |
| 008 - FIXED-LENGTH DATA ELEMENTS--GENERAL INFORMATION | |
| fixed length control field | 200208b ||||| |||| 00| 0 eng d |
| 100 ## - MAIN ENTRY--AUTHOR'S NAME | |
| Author's Name | Speeckaert, A. |
| 245 ## - TITLE STATEMENT | |
| Title | Russische Postcensuur 1914-1918 : Stempelstudie |
| 260 ## - PUBLICATION, DISTRIBUTION, ETC. (IMPRINT) | |
| Place of publication, distribution, etc. | St. Niklass, [Belgium] |
| Name of publisher, distributor, etc. | Kon. Postzegelvereniging van het Land van Waas |
| Date of publication, distribution, etc. | 1986 |
| 650 ## - TOPICAL TERM (Tag) | |
| Topical term or geographic name | Russia (-1917) | Germany -- Occupation of Russia | Union of Soviet Socialist Republics (1917-1991) | World War I, 1914-1918 | Censored Mail | Military Mail | Military Censorship | Prisoner-of-War and Internee Mail | Postal Markings | Postal History | Post Offices | Bibliographies | Russian Related | Finland |
No items available.